Aprender juntos y solos / trad. por susana pironio

Guardado en:
Autor Principal: Johnson, David W.
Otros Autores: Johnson, Roger T., Pironio, Susana, trad.
Formato: Libro
Publicado: Buenos Aires : Aique, 1999
Materias:
Etiquetas: Agregar Etiqueta
Sin Etiquetas, Sea el primero en etiquetar este registro!
LEADER 00669nam a22002055a 4500
001 EHU.bham044235
003 AR-BHAM
005 20160919115010.0
008 130507s1999##################000#0#####d
020 |a 9507015612 
082 3 7 |a 370.7 
100 1 |a Johnson, David W. 
245 1 0 |a Aprender juntos y solos /  |b trad. por susana pironio  |c  David W. Johnson, Roger T. Johnson : 
260 |a Buenos Aires :  |b Aique,  |c 1999 
300 |a 328 p. 
653 |a Educación-enseñanza-aprendizaje 
653 |a Educación-aprendizaje cooperativo 
700 1 |a Johnson, Roger T. 
700 1 |a Pironio, Susana, trad. 
859 |a AR-BHAM  |b BIB. HUMANIDADES - General  |h 370.7  |i J636  |p 580.16  |t Ej.1